Supplément à Artistes et groupes francophones - Statistiques

Statistiques générales
  • Ce quiz a été pris 15 fois
  • Le résultat moyen est 72 sur 250
Statistiques - réponses
Par images Réponse % Correct
Élie Semoun
100%
Garou
100%
Les Inconnus
100%
Michaël Youn
100%
Slimane
100%
Arielle Dombasle
91%
Bourvil
91%
Liane Foly
91%
Boris Vian
82%
Carlos
82%
Charlotte Gainsbourg
82%
Desireless
82%
Fernandel
82%
Francis Lalanne
82%
Henri Dès
82%
Jean Ferrat
82%
Peter et Sloane
82%
Vianney
82%
Zaz
82%
Axelle Red
73%
Joséphine Baker
73%
Mireille Mathieu
73%
Tonton David
73%
David et Jonathan
64%
Dick Rivers
64%
Émile et Images
64%
Frédéric François
64%
Gilles Dor
64%
Larusso
64%
Les Chaussettes Noires
64%
Lio
64%
Marianne James
64%
Nicoletta
64%
Patrick Juvet
64%
Régine
64%
Salvatore Adamo
64%
Sébastien Patoche
64%
Serge Reggiani
64%
Sœur Sourire
64%
Vincent Lagaf'
64%
Amadou et Mariam
55%
Arthur H
55%
Catherine Lara
55%
C. Jérôme
55%
Cœur de pirate
55%
Didier Barbelivien
55%
Dorothée
55%
Herbert Léonard
55%
Izïa
55%
Jean-Luc Lahaye
55%
La Compagnie Créole
55%
Les Charlots
55%
Plastic Bertrand
55%
Sacha Distel
55%
Tété
55%
Vincent Delerm
55%
Antoine
45%
Arno
45%
Charlélie Couture
45%
Didier Super
45%
Gauvain Sers
45%
Hélène Rollès
45%
Hubert-Félix Thiéfaine
45%
Jeanne Moreau
45%
Jean-Pascal
45%
L5
45%
Maurice Chevalier
45%
Noir Désir
45%
Princess Erika
45%
Richard Gotainer
45%
Robert Charlebois
45%
Sinclair
45%
William Sheller
45%
Yves Montand
45%
Anaïs
36%
Anne Sylvestre
36%
Bernard Ménez
36%
Camille
36%
Dani
36%
Daniel Lavoie
36%
Elsa
36%
Frank Michael
36%
Guy Béart
36%
Guy Marchand
36%
Helmut Fritz
36%
Jordy
36%
LEJ
36%
Les Frères Jacques
36%
Luis Rego
36%
Marcel Zanini
36%
Marie Myriam
36%
Mike Brant
36%
Moussier Tombola
36%
Niagara
36%
Philippe Lavil
36%
Priscilla
36%
Richard Cocciante
36%
Rika Zaraï
36%
Stephan Eicher
36%
Superbus
36%
Aldebert
27%
Axel Bauer
27%
Bernard Minet
27%
Boby Lapointe
27%
Damien Saez
27%
Diane Tell
27%
François Hadji-Lazaro
27%
Ilona Mitrecey
27%
Juliette Gréco
27%
Les Innocents
27%
Les Wampas
27%
Luis Mariano
27%
Lynda Lemay
27%
Michel Legrand
27%
Mort Shuman
27%
Oldelaf
27%
Philippe Léotard
27%
Pierre Lapointe
27%
Pow woW
27%
Renan Luce
27%
Sanseverino
27%
Tragédie
27%
Yves Duteil
27%
Alain Barrière
18%
Bambou
18%
Bérurier Noir
18%
Charles Dumont
18%
Claude Barzotti
18%
Dario Moreno
18%
Dominique A
18%
Émilie Simon
18%
Jeanne Balibar
18%
Jeanne Cherhal
18%
Jean Sablon
18%
Juliette
18%
La Grande Sophie
18%
Les Compagnons de la chanson
18%
Les Fatals Picards
18%
Les Négresses Vertes
18%
Linda de Suza
18%
Mathias Malzieu
18%
Michèle Torr
18%
Mouloudji
18%
Nicole Croisille
18%
Pierre Vassiliu
18%
Richard Anthony
18%
Sébastien Tellier
18%
Teri Moïse
18%
Tiken Jah Fakoly
18%
Tino Rossi
18%
Willy Denzey
18%
Yodelice
18%
Yves Simon
18%
Albin de la Simone
9%
Ange
9%
Aristide Bruant
9%
Bertrand Belin
9%
Daniel Darc
9%
Eddie Constantine
9%
Enzo Enzo
9%
Félix Leclerc
9%
Florent Marchet
9%
Frank Alamo
9%
Frédéric Fromet
9%
Jacno
9%
Jean-Louis Murat
9%
Jean-Luc Le Ténia
9%
Jean-Patrick Capdevielle
9%
Kenza Farah
9%
Koxie
9%
La Bande à Basile
9%
Les Sales Majestés
9%
Mano Solo
9%
Marcel Amont
9%
Marie-Paule Belle
9%
Matt Houston
9%
Mickey 3D
9%
Miossec
9%
Paul Personne
9%
Rodolphe Burger
9%
Sinsemilia
9%
Têtes Raides
9%
Thomas Fersen
9%
Tribal King
9%
Trust
9%
Zebda
9%
Abd al Malik
0%
Albert Marcœur
0%
Alpha Blondy
0%
Annkrist
0%
Areski
0%
Arnaud Fleurent-Didier
0%
Barbara Carlotti
0%
Bertrand Burgalat
0%
Catherine Ribeiro
0%
Chagrin d'amour
0%
Clarika
0%
Colette Magny
0%
Dashiell Hedayat
0%
David McNeil
0%
Diane Dufresne
0%
Dick Annegarn
0%
Elli Medeiros
0%
Elmer Food Beat
0%
Emily Loizeau
0%
Évariste
0%
Francis Bebey
0%
Frank Echégut
0%
Fréhel
0%
Gérard Manset
0%
Gilles Vigneault
0%
Glorious
0%
Graeme Allwright
0%
Guesch Patti
0%
Ivan Callot
0%
Jad Wio
0%
Jean-Claude Vannier
0%
Jean Guidoni
0%
Jean-Louis Costes
0%
Jil Caplan
0%
J.J. Lionel
0%
La Bolduc
0%
Les Brigandes
0%
Les Cowboys Fringants
0%
Les Ogres de Barback
0%
Lizzy Mercier Descloux
0%
Lucienne Delyle
0%
Malicorne
0%
Malik Djoudi
0%
Marcel et son orchestre
0%
Marquis de Sade
0%
Mass Hysteria
0%
Mathieu Boogaerts
0%
Matmatah
0%
Megumi Satsu
0%
Mistinguett
0%
Najoua Belyzel
0%
No One Is Innocent
0%
Patachou
0%
Paul Misraki
0%
Ramon Pipin
0%
Ray Ventura
0%
Rebeka Warrior
0%
RoBERT
0%
Salut c'est cool
0%
Sapho
0%
Serge Rezvani
0%
Singuila
0%
Wallen
0%
Yves Jamait
0%
Aucun quiz correspondant
Distribution des résultats
% des personnes avec chaque résultat
Percentile par nombre de réponses
Votre historique - résultats
Vous n’avez pas pris ce quiz